French Words - Statistiques

Statistiques générales
  • Ce quiz a été pris 904 fois
    894 depuis la dernière actualisation
  • Le résultat moyen est 13 sur 18
Statistiques - réponses
Anglais Français (French) % Correct
Hello Bonjour / Salut
99%
One Un
95%
Two Deux
93%
Three Trois
93%
Five Cinq
92%
Four Quatre
91%
I like J'aime
80%
I love J'adore
73%
I don't like Je n'aime pas
70%
I hate Je deteste
69%
I speak English Je parle anglais
68%
I speak French Je parle francais
66%
How are you? (Informal) Ça Va
60%
I am ? years old. J'ai ? ans.
60%
I do not speak French Je ne parle pas francais
59%
I am called ?. Je m'appelle ?.
58%
How much is it? C'est combien / Combien est-ce / Ça Coûte Combien
31%
What are you called? (Formal) Comment Vous Appelez-Vous / Vous Vous Appelez-Comment
14%
Aucun quiz correspondant
Distribution des résultats
% des personnes avec chaque résultat
Percentile par nombre de réponses
Votre historique - résultats
Vous n’avez pas pris ce quiz depuis la dernière actualisation